[Event "FRA-ch op-A"]
[Site "Aix les Bains"]
[Date "2007.08.24"]
[Round "10"]
[White "Thely, Ludovic"]
[Black "Laruelle, Joel"]
[Result "1/2-1/2"]
[WhiteElo "2089"]
[BlackElo "2139"]
[PlyCount "89"]
[EventDate "2007.08.13"]
[EventType "swiss"]
[EventRounds "11"]
[EventCountry "FRA"]
[SourceTitle "CBM 120 Extra"]
[Source "ChessBase"]
[SourceDate "2007.11.01"]
[SourceVersion "1"]
[SourceVersionDate "2007.11.01"]
[SourceQuality "1"]

1. e4 e5 2. Nf3 Nc6 3. Bb5 a6 4. Ba4 b5 5. Bb3 Nf6 6. d3 d6 7. Ng5 d5 8. exd5 Nd4 9. 0-0 h6 10. Ne4 Nxb3 11. Nxf6+ gxf6 12. axb3 Qxd5 13. Nc3 Qc6 14. d4 Bb7 15. d5 Qd7 16. Ne4 Be7 17. c4 f5 18. Ng3 f4 19. Ne4 0-0-0 20. f3 f5 21. Nf2 Rhg8 22. Nd3 Qd6 23. Qe2 Bf6 24. Bd2 c5 25. Qf2 e4 26. Bxf4 Bd4 27. Bxd6 Rxd6 28. Nxc5 Bxf2+ 29. Kxf2 e3+ 30. Kxe3 Rxg2 31. Rf2 f4+ 32. Ke2 Rg7 33. Rd1 Rc7 34. Ne6 Re7 35. Rg1 Bxd5 36. cxd5 Rxd5 37. Rg6 Re5+ 38. Kd2 R5xe6 39. Rfg2 h5 40. Rxe6 Rxe6 41. Re2 Rg6 42. Kd3 Kd7 43. Ke4 Re6+ 44. Kd3 Rg6 45. Ke4 1/2-1/2

[Event "Syre Memorial op 27th"]
[Site "Issy les Moulineaux"]
[Date "2004.05.21"]
[Round "3"]
[White "Dussol, Pierre"]
[Black "Thely, Ludovic"]
[Result "1-0"]
[WhiteElo "2226"]
[BlackElo "2017"]
[PlyCount "109"]
[EventDate "2004.05.20"]
[EventType "swiss"]
[EventRounds "6"]
[EventCountry "FRA"]
[SourceTitle "CBM 100 Extra"]
[Source "ChessBase"]
[SourceDate "2004.07.06"]
[SourceVersion "2"]
[SourceVersionDate "2004.07.06"]
[SourceQuality "1"]

1. e4 c5 2. Nf3 d6 3. d4 cxd4 4. Qxd4 Nc6 5. Bb5 Bd7 6. Bxc6 Bxc6 7. Nc3 Nf6 8. Bg5 e6 9. 0-0-0 Be7 10. Qd3 a6 11. Nd4 Rc8 12. f4 Qc7 13. f5 e5 14. Bxf6 gxf6 15. Nde2 b5 16. Ng3 b4 17. Nd5 Bxd5 18. exd5 Qc4 19. b3 Qxd3 20. Rxd3 Rg8 21. Re1 Kd7 22. Re4 a5 23. Rh4 Rg7 24. Kb2 Bd8 25. c3 bxc3+ 26. Rxc3 Bb6 27. Rxc8 Kxc8 28. Ka3 Kb7 29. Rh6 Bc5+ 30. Kb2 Bd4+ 31. Kc2 Kb6 32. Rxf6 Kc5 33. Kd3 Kxd5 34. Ne4 Bc5 35. g3 Bb4 36. Rh6 Kc6 37. h4 Rg4 38. Ke3 Ba3 39. Kf3 Rg7 40. h5 Bb4 41. g4 Ba3 42. Nf6 Bc1 43. Rxh7 Rxh7 44. Nxh7 Kd5 45. g5 e4+ 46. Ke2 Ke5 47. g6 fxg6 48. hxg6 Bh6 49. f6 Ke6 50. f7 Ke7 51. a3 d5 52. b4 axb4 53. axb4 d4 54. f8Q+ Bxf8 55. Nxf8 1-0

[Event "Paris Apsap 61mn KO op 34th"]
[Site "Paris"]
[Date "2002.??.??"]
[Round "1"]
[White "Toulzac, Pierre Yves"]
[Black "Thely, Ludovic"]
[Result "1-0"]
[WhiteElo "2268"]
[BlackElo "1880"]
[PlyCount "97"]
[EventDate "2002.08.18"]
[EventType "swiss (rapid)"]
[EventRounds "7"]
[EventCountry "FRA"]
[SourceTitle "EXT 2003"]
[Source "ChessBase"]
[SourceDate "2002.11.25"]
[SourceVersion "1"]
[SourceVersionDate "2002.11.25"]
[SourceQuality "1"]

1. d4 Nf6 2. c4 g6 3. Nc3 Bg7 4. e4 d6 5. Be2 0-0 6. g4 e5 7. d5 Nbd7 8. g5 Ne8 9. h4 f5 10. gxf6 Nexf6 11. h5 Qe8 12. Be3 a6 13. a4 Nc5 14. h6 Bh8 15. Qc2 Bg4 16. b4 Bxe2 17. Kxe2 Ncd7 18. Nf3 Ng4 19. Bd2 Rxf3 20. Kxf3 Qf7+ 21. Kxg4 Qxf2 22. Rhg1 Rf8 23. Qd3 Qh2 24. Rgf1 Nf6+ 25. Rxf6 Rxf6 26. Ne2 Rf2 27. Ng3 Rxd2 28. Qe3 Rg2 29. Rh1 Qxh1 30. Qg5 Rxg3+ 31. Kxg3 Qg1+ 32. Kh4 Qh2+ 33. Kg4 Qg2+ 34. Kh4 Qxg5+ 35. Kxg5 Kf7 36. a5 Bf6+ 37. Kg4 g5 38. Kf5 g4 39. Kxg4 Kg6 40. c5 Kxh6 41. Kf5 Kg7 42. c6 bxc6 43. dxc6 Bh4 44. Ke6 h5 45. Kd7 Kf7 46. Kxc7 Ke8 47. b5 Bd8+ 48. Kb7 Bxa5 49. bxa6 1-0